| 000 | 00476nam a22001697a 4500 | ||
|---|---|---|---|
| 008 | 230627b |||||||| |||| 00| 0 eng d | ||
| 020 | _a81-7621-031-5 | ||
| 040 |
_aNational Science Library _cNational Science Library |
||
| 080 |
_a177.7 _bN8 |
||
| 100 |
_aLama, Dalai _912377 |
||
| 245 | _aकरुणाशील हृदय | ||
| 246 | _akarunasheel hridaya | ||
| 260 |
_aDelhi: _bFull Circle, _c1998 |
||
| 300 | _a167p. | ||
| 365 |
_b125.00 _cINR |
||
| 942 |
_2udc _cHBK |
||
| 999 |
_c47742 _d47742 |
||